[Event "Championnat vétéran des B d RH 2019 (-22"]
[Site "AUBAGNE "]
[Date "2019.05.02"]
[Round "2.1"]
[White "Kleitz, Michel"]
[Black "Bedhouche, Sadek"]
[Result "0-1"]
[WhiteElo "1753"]
[BlackElo "1646"]
[PlyCount "64"]
[EventDate "2019.??.??"]
[WhiteTeam "Issy-Les-Moulineaux"]
[BlackTeam "Echiquier Marseillais 1872"]

1. d4 d5 2. c4 c6 3. Nf3 Nf6 4. Nc3 Bf5 5. e3 dxc4 6. Bxc4 e6 7. O-O Bd6 8. Qe2
Ne4 9. Bd3 Nxc3 10. bxc3 Bxd3 11. Qxd3 O-O 12. e4 Be7 13. a4 Nd7 14. Be3 Qc7
15. e5 Rfd8 16. Qe4 Nf8 17. Rfe1 c5 18. Rec1 cxd4 19. cxd4 Qd7 20. Qg4 Rac8 21.
Bh6 Rxc1+ 22. Rxc1 Ng6 23. Be3 Qxa4 24. h4 Nf8 25. Bh6 g6 26. Be3 Qa3 27. Ng5
Bxg5 28. Qxg5 f5 29. Qf6 Rd7 30. Rc8 Qe7 31. Qxe7 Rxe7 32. Ra8 b5 0-1

[Event "Championnat vétéran des B d RH 2019 (-22"]
[Site "AUBAGNE "]
[Date "2019.05.02"]
[Round "2.2"]
[White "Pierrugues, Laurent"]
[Black "Colandrea, Sauveur"]
[Result "0-1"]
[WhiteElo "1741"]
[BlackElo "1646"]
[PlyCount "78"]
[EventDate "2019.??.??"]
[WhiteTeam "Echiquier Marseillais 1872"]
[BlackTeam "Puy Ste Réparade"]

1. e4 d6 2. d4 Nf6 3. Nc3 Nbd7 4. Nf3 e5 5. dxe5 dxe5 6. Bc4 Be7 7. O-O O-O 8.
Re1 c6 9. a4 b6 10. Qe2 a6 11. Be3 Qc7 12. Rad1 Ng4 13. Bc1 Bc5 14. Be3 Bxe3
15. fxe3 b5 16. Ng5 Nc5 17. axb5 axb5 18. Bxf7+ Rxf7 19. Nxf7 Kxf7 20. Rf1+ Kg8
21. Qd2 Be6 22. Qd6 Qxd6 23. Rxd6 Bc4 24. Re1 b4 25. Nd1 Bb5 26. h3 Nf6 27. Nf2
Kf7 28. Red1 Ke7 29. g4 g5 30. R6d2 Ra2 31. b3 Ra7 32. Kg2 Ncxe4 33. Nxe4 Nxe4
34. Rd8 Nc3 35. Rh8 Ke6 36. Rdd8 c5 37. Rdg8 Bc6+ 38. Kf2 Ra2 39. Rxg5 Ne4+ 0-1

[Event "Championnat vétéran des B d RH 2019 (-22"]
[Site "AUBAGNE "]
[Date "2019.05.02"]
[Round "2.3"]
[White "Vinet, Christophe"]
[Black "Cescon, Moreno"]
[Result "1-0"]
[WhiteElo "1641"]
[BlackElo "1739"]
[PlyCount "103"]
[EventDate "2019.??.??"]
[WhiteTeam "Club d'Echecs de Meyreuil"]
[BlackTeam "Cercle d'Echecs Aubagnais"]

1. e4 e5 2. Nf3 d6 3. d4 exd4 4. Nxd4 Nf6 5. Nc3 Be7 6. Be2 O-O 7. Be3 a6 8. f4
b5 9. O-O b4 10. Nd5 Nxe4 11. Bf3 Nc5 12. Nxe7+ Qxe7 13. Re1 Bb7 14. Bd2 Qf6
15. Bxb4 Bxf3 16. Nxf3 Qxb2 17. Bxc5 dxc5 18. Qd5 c6 19. Qxc5 Qb5 20. Qe7 Qb6+
21. Kh1 Ra7 22. Qh4 f6 23. Re2 Nd7 24. Rae1 Nc5 25. Qh5 Raf7 26. Re7 Rxe7 27.
Rxe7 Qb1+ 28. Ne1 Nd7 29. Qg4 Rf7 30. Qxd7 Qxe1+ 31. Rxe1 Rxd7 32. Kg1 Rd2 33.
Re8+ Kf7 34. Ra8 Rxc2 35. Rxa6 c5 36. a4 c4 37. Rc6 c3 38. a5 Ra2 39. Rxc3 Rxa5
40. Kf2 Kg6 41. g4 Ra2+ 42. Kg3 h5 43. f5+ Kh6 44. h3 Ra1 45. Kh4 hxg4 46. Rc8
Kh7 47. hxg4 Rh1+ 48. Kg3 Rb1 49. Kf4 Rb4+ 50. Kf3 Kh6 51. Rh8+ Kg5 52. Rh5#
1-0

[Event "Championnat vétéran des B d RH 2019 (-22"]
[Site "AUBAGNE "]
[Date "2019.05.02"]
[Round "2.4"]
[White "Roger, Patrick"]
[Black "Gomez, Guy"]
[Result "1-0"]
[WhiteElo "1699"]
[BlackElo "1575"]
[PlyCount "35"]
[EventDate "2019.??.??"]
[WhiteTeam "Echiquier Marseillais 1872"]
[BlackTeam "Cercle d'Echecs Aubagnais"]

1. e4 e5 2. Nf3 d6 3. c3 Nf6 4. Qc2 c5 5. Bc4 h6 6. h3 Bd7 7. Qb3 d5 8. Bxd5
Nxd5 9. exd5 Qc7 10. O-O Bd6 11. c4 e4 12. Re1 Bf5 13. d3 Qd7 14. dxe4 Bxh3 15.
e5 Qg4 16. exd6+ Kd8 17. g3 b6 18. Qe3 1-0

[Event "Championnat vétéran des B d RH 2019 (-22"]
[Site "AUBAGNE "]
[Date "2019.05.02"]
[Round "2.5"]
[White "Corrias, Robert"]
[Black "Montanelli, Tristan"]
[Result "0-1"]
[WhiteElo "1532"]
[BlackElo "1661"]
[PlyCount "128"]
[EventDate "2019.??.??"]
[WhiteTeam "Club d'Echecs Pennois (CEP)"]
[BlackTeam "Club d'Echecs de Meyreuil"]

1. e4 e6 2. Nf3 c5 3. Nc3 Nc6 4. d4 cxd4 5. Nxd4 Nf6 6. a3 Qb6 7. Nb3 a6 8. Be3
Qc7 9. Be2 b5 10. Bf3 Ne5 11. Be2 Bb7 12. f3 Nc4 13. Bxc4 Qxc4 14. Na5 Qc7 15.
Nxb7 Qxb7 16. Qd4 d6 17. Rd1 Be7 18. e5 dxe5 19. Qxe5 O-O 20. O-O Rfd8 21. Bd4
b4 22. axb4 Qxb4 23. Qe3 Rac8 24. b3 Rxd4 25. Rxd4 Qxc3 26. Qxc3 Rxc3 27. Ra4
Rxc2 28. Rxa6 g6 29. Rb1 Nd5 30. Re1 Rb2 31. Ra8+ Kg7 32. Rb8 Bc5+ 33. Kh1 Bf2
34. Rc1 Be3 35. Rf1 Bd2 36. h3 Bb4 37. Rc1 Rxb3 38. Rd8 Bd2 39. Rc2 Bf4 40. Kg1
Bg3 41. Rc1 Rb2 42. Rdc8 Ne3 43. R8c3 Rxg2+ 44. Kh1 Rh2+ 45. Kg1 Nd5 46. R3c2
Rxh3 47. Kg2 Nf4+ 48. Kg1 Bh4 49. Rh2 Rg3+ 50. Kh1 g5 51. Rc4 Rxf3 52. Kg1 Bg3
53. Rhc2 h5 54. Re4 Rd3 55. Rc1 f5 56. Rec4 Ne2+ 57. Kg2 Nxc1 58. Rxc1 h4 59.
Kf1 Rd2 60. Kg1 Rf2 61. Re1 Kf6 62. Re3 f4 63. Re1 e5 64. Kh1 Ra2 0-1

[Event "Championnat vétéran des B d RH 2019 (-22"]
[Site "AUBAGNE "]
[Date "2019.05.02"]
[Round "2.6"]
[White "Amoros, Jean"]
[Black "Moncamp, Gilles"]
[Result "0-1"]
[WhiteElo "1426"]
[BlackElo "2121"]
[PlyCount "46"]
[EventDate "2019.??.??"]
[WhiteTeam "Club d'Echecs de Meyreuil"]
[BlackTeam "Echiquier Marseillais 1872"]

1. e4 e5 2. Nf3 Nc6 3. Bc4 Bc5 4. O-O Nf6 5. d4 Bxd4 6. Nxd4 Nxd4 7. f4 d6 8.
c3 Be6 9. Bxe6 Nxe6 10. f5 Nc5 11. Bg5 Ncxe4 12. Bh4 c6 13. Nd2 Qb6+ 14. Kh1
Nxd2 15. Qxd2 O-O-O 16. Qc2 Rhe8 17. a4 e4 18. a5 Qa6 19. c4 d5 20. b3 dxc4 21.
bxc4 e3 22. Rfe1 Rd4 23. Ra4 Ree4 0-1

[Event "Championnat vétéran des B d RH 2019 (-22"]
[Site "AUBAGNE "]
[Date "2019.05.02"]
[Round "2.7"]
[White "Derien, Robert"]
[Black "Battaglia, Gerard"]
[Result "0-1"]
[WhiteElo "1564"]
[BlackElo "1747"]
[PlyCount "62"]
[EventDate "2019.??.??"]
[WhiteTeam "Puy Ste Réparade"]
[BlackTeam "Echiquier Marseillais 1872"]

1. e4 e5 2. Nf3 d6 3. Be2 Nf6 4. c3 Nxe4 5. Qa4+ Bd7 6. Qxe4 Bc6 7. Qc2 Be7 8.
O-O O-O 9. d4 e4 10. Nfd2 f5 11. f3 d5 12. Nb3 Nd7 13. Bf4 Bf6 14. N1d2 g5 15.
Be5 Nxe5 16. dxe5 Bxe5 17. fxe4 fxe4 18. Rad1 Qd6 19. Nxe4 Bxh2+ 20. Kh1 Rxf1+
21. Bxf1 Qh6 22. Nf2 Bf4+ 23. Nh3 g4 24. Qd3 Re8 25. Qf3 gxh3 26. Qg4+ Qg5 27.
Be2 hxg2+ 28. Kg1 Rxe2 29. Qxe2 Be3+ 30. Kh2 g1=Q+ 31. Rxg1 Bxg1+ 0-1

[Event "Championnat vétéran des B d RH 2019 (-22"]
[Site "AUBAGNE "]
[Date "2019.05.02"]
[Round "2.8"]
[White "Ulloa, Philippe"]
[Black "Deregnaucourt, Yves"]
[Result "0-1"]
[WhiteElo "1314"]
[BlackElo "1636"]
[PlyCount "143"]
[EventDate "2019.??.??"]
[WhiteTeam "Cercle d'Echecs Aubagnais"]
[BlackTeam "Cercle d'Echecs Aubagnais"]

1. d4 f5 2. c4 Nf6 3. Nf3 g6 4. Bg5 Bg7 5. Nc3 O-O 6. Qd2 d6 7. Bh6 Qe8 8. h3
b6 9. Bxg7 Kxg7 10. e3 Bb7 11. d5 e5 12. Ng5 Bc8 13. Nb5 Qe7 14. Nxc7 Qxc7 15.
Be2 h6 16. Nf3 Ne4 17. Qc2 Na6 18. a3 Bd7 19. Rc1 Nac5 20. b4 Ba4 21. Qb1 Nb3
22. Rd1 Nc3 23. Qb2 Nxd1 24. Bxd1 Qxc4 25. Nd2 Nxd2 26. Bxa4 Ne4 27. Bc6 Rac8
28. f3 Ng3 29. Rg1 Kh7 30. Kf2 f4 31. Rc1 Qd3 32. Re1 Nf5 33. e4 Qd4+ 34. Qxd4
Nxd4 35. Rc1 Nxc6 36. dxc6 a6 37. a4 Rf7 38. b5 axb5 39. axb5 Ra7 40. Rd1 Ra5
41. Rd5 Ra2+ 42. Kg1 Rb2 43. Rxd6 Rxb5 44. Rd7+ Kg8 45. c7 Rf8 46. Rd8 Rc5 47.
Rd7 b5 48. Rd5 Rc1+ 49. Kh2 Rxc7 50. Rxb5 Re8 51. Rb6 Kf7 52. h4 Re6 53. Rb5
Kf6 54. Rb8 Rd6 55. Rf8+ Ke6 56. Rh8 Ke7 57. Rxh6 Kd8 58. Rh8+ Kd7 59. Rh7+ Kc6
60. Rh8 Kc5 61. Ra8 Rdc6 62. Ra5+ Kd4 63. Rd5+ Ke3 64. Rxe5 Rc2 65. Rg5 R7c6
66. Rd5 Rd2 67. Rg5 Kf2 68. Rb5 Rcc2 69. Rg5 Kf1 70. e5 Rxg2+ 71. Rxg2 Rxg2+
72. Kh1 0-1

[Event "Championnat vétéran des B d RH 2019 (-22"]
[Site "AUBAGNE "]
[Date "2019.05.02"]
[Round "2.9"]
[White "Porte, Jacques"]
[Black "Bertrand, Frederic"]
[Result "1/2-1/2"]
[WhiteElo "1308"]
[BlackElo "1538"]
[PlyCount "23"]
[EventDate "2019.??.??"]
[WhiteTeam "Club d'Echecs de Miramas"]
[BlackTeam "Cercle d'Echecs Aubagnais"]

1. d4 Nf6 2. c4 e6 3. Nf3 Bb4+ 4. Nc3 b6 5. Bd2 Bb7 6. e3 O-O 7. Bd3 d6 8. O-O
Nbd7 9. e4 Bxc3 10. bxc3 Bxe4 11. Bxe4 Nxe4 12. Be3 {pas lire la suite} 1/2-1/2

[Event "Championnat vétéran des B d RH 2019 (-22"]
[Site "AUBAGNE "]
[Date "2019.05.02"]
[Round "2.10"]
[White "Rocchia, Alex"]
[Black "Blanc, Michel"]
[Result "1-0"]
[WhiteElo "1286"]
[BlackElo "1523"]
[PlyCount "116"]
[EventDate "2019.??.??"]
[WhiteTeam "Cercle d'Echecs Aubagnais"]
[BlackTeam "Cercle d'Echecs Aubagnais"]

1. e4 c6 2. f4 d5 3. e5 Bf5 4. Nf3 e6 5. d4 Nd7 6. Nbd2 h5 7. Be2 Nh6 8. h3 c5
9. c3 Be7 10. Nf1 Bh4+ 11. Nxh4 Qxh4+ 12. g3 Qd8 13. Bxh5 Be4 14. Bf3 Bxf3 15.
Qxf3 Qb6 16. Qd3 cxd4 17. cxd4 Nf5 18. Qc3 Qxd4 19. Qxd4 Nxd4 20. Ne3 Rc8 21.
b3 Nc2+ 22. Nxc2 Rxc2 23. Ba3 Nc5 24. Bxc5 Rxc5 25. Rh2 Kd7 26. Rd1 Rhc8 27.
Rhd2 Rc2 28. Ke2 R8c3 29. Rxc2 Rxc2+ 30. Rd2 Rc7 31. Ke3 Rc1 32. h4 Rg1 33. Kf3
g6 34. Kg4 Rc1 35. Kg5 Ke7 36. h5 gxh5 37. Kxh5 Rh1+ 38. Kg5 Kd7 39. Kf6 Rg1
40. Rd3 Ke8 41. Rc3 Rg2 42. a4 Re2 43. Rc8+ Kd7 44. Rc3 Ke8 45. Rc8+ Kd7 46.
Rc3 Ke8 47. Rc7 Kd8 48. Rxb7 d4 49. Rxf7 d3 50. Kxe6 d2 51. Rd7+ Kc8 52. f5 Rh2
53. f6 Re2 54. f7 Rxe5+ 55. Kxe5 Kxd7 56. f8=Q d1=Q 57. Qf7+ Kc8 58. Qe6+ Qd7
1-0

[Event "Championnat vétéran des B d RH 2019 (-22"]
[Site "AUBAGNE "]
[Date "2019.05.02"]
[Round "2.11"]
[White "Cens, Alain"]
[Black "Hidreau, Olivier"]
[Result "1-0"]
[WhiteElo "1483"]
[BlackElo "1303"]
[PlyCount "183"]
[EventDate "2019.??.??"]
[WhiteTeam "Echiquier Pierreverdant"]
[BlackTeam "Club d'Echecs de Meyreuil"]

1. c4 e6 2. Nf3 c6 3. g3 d5 4. b3 Nd7 5. Bb2 f5 6. Bg2 Ngf6 7. d4 Bd6 8. O-O
O-O 9. Ne5 Ne4 10. f3 Nef6 11. Nd2 Qe8 12. Kh1 Nh5 13. Nxd7 Bxd7 14. c5 Nxg3+
15. Kg1 Nxf1 16. Nxf1 Bc7 17. e3 f4 18. e4 Qh5 19. e5 Rf5 20. Bc1 Raf8 21. a3
Rg5 22. Ra2 Rff5 23. Re2 Qh3 24. Kh1 Qh6 25. Bd2 Bd8 26. Be1 Rg6 27. Bf2 Bh4
28. Bxh4 Qxh4 29. Qe1 Qxe1 30. Rxe1 Rfg5 31. Re2 Rh5 32. Nd2 Be8 33. Bf1 Rhg5
34. Rg2 Rxg2 35. Bxg2 Bd7 36. b4 h5 37. h4 Rh6 38. Kh2 Kf7 39. Bh3 Rh8 40. Bf1
Ra8 41. Nb3 b6 42. Be2 Ke7 43. Kg2 Bc8 44. Kf2 Bb7 45. Bd3 Kf7 46. Kg2 Rg8 47.
Bh7 Rf8 48. Bd3 g6 49. Kh3 Rg8 50. Be2 g5 51. hxg5 Rxg5 52. Kh4 Kg6 53. Kh3 Rg1
54. a4 Kg5 55. cxb6 axb6 56. a5 bxa5 57. bxa5 Bc8 58. a6 Ra1 59. Nc5 Ra2 60.
Bd3 Kh6 61. Bf1 Kg5 62. Bd3 Kh6 63. Nb7 Ra3 64. Nc5 Kg7 65. Kh4 Kh6 66. Kh3
Rxd3 67. Nxd3 Bxa6 68. Nxf4 Bc8 69. Kh4 Bd7 70. Nxh5 Kg6 71. Kg4 Kf7 72. Kg5
Ke7 73. Nf4 Bc8 74. Nd3 Ba6 75. Nc5 Bc8 76. f4 Kf7 77. Kh6 Kf8 78. Kg6 Ke7 79.
Kg7 Bd7 80. Nb7 Bc8 81. Nc5 Bd7 82. Nxd7 Kxd7 83. Kf7 c5 84. f5 exf5 85. e6+
Kc6 86. e7 cxd4 87. e8=Q+ Kc5 88. Qc8+ Kb4 89. Qb7+ Kc4 90. Qc6+ Kd3 91. Qxd5
f4 92. Qf3+ 1-0

[Event "Championnat vétéran des B d RH 2019 (-22"]
[Site "AUBAGNE "]
[Date "2019.05.02"]
[Round "2.12"]
[White "Biglia, Michel"]
[Black "Perdiolat, Francis"]
[Result "0-1"]
[WhiteElo "1237"]
[BlackElo "1479"]
[PlyCount "112"]
[EventDate "2019.??.??"]
[WhiteTeam "Cercle d'Echecs Aubagnais"]
[BlackTeam "Puy Ste Réparade"]

1. e4 d6 2. Nf3 g6 3. Bc4 Nc6 4. d4 Bg7 5. Ng5 e6 6. Nf3 Nf6 7. Bg5 h6 8. Bxf6
Qxf6 9. Bb5 Bd7 10. Bxc6 Bxc6 11. Nbd2 O-O 12. c3 e5 13. d5 Bd7 14. Qe2 a6 15.
O-O-O b5 16. Rdg1 a5 17. g4 g5 18. h4 Qf4 19. Qe3 Qxe3 20. fxe3 f6 21. hxg5
fxg5 22. Kd1 b4 23. c4 c5 24. Ke2 a4 25. Nf1 b3 26. a3 Rf7 27. Ng3 Raf8 28. Nf5
Bxf5 29. exf5 e4 30. Nd2 Bxb2 31. Nxe4 Rd7 32. Rxh6 Rff7 33. Rgh1 Be5 34. Rg6+
Rg7 35. Rxg5 Rxg5 36. Nxg5 b2 37. Nf3 Bg7 38. Rb1 Rb7 39. Nd2 Kf7 40. Ne4 Ke7
41. g5 Be5 42. Kf3 Rb3 43. f6+ Kf7 44. Ke2 Rxa3 45. Kd2 Ra1 46. Kc2 a3 47. g6+
Kxg6 48. Nd2 Rxb1 49. Kxb1 a2+ 50. Kxa2 Kxf6 51. e4 Kg5 52. Nf3+ Kf4 53. Nxe5
Kxe5 54. Kxb2 Kxe4 55. Kc3 Ke3 56. Kb3 Kd4 0-1

[Event "Championnat vétéran des B d RH 2019 (-22"]
[Site "AUBAGNE "]
[Date "2019.05.02"]
[Round "2.13"]
[White "Graells, Christian"]
[Black "Frontera, Pierre"]
[Result "1-0"]
[WhiteElo "1475"]
[BlackElo "1259"]
[PlyCount "105"]
[EventDate "2019.??.??"]
[WhiteTeam "Club d'Echecs de Meyreuil"]
[BlackTeam "Cercle d'Echecs Aubagnais"]

1. e4 e5 2. Nf3 Nc6 3. Bb5 d6 4. c3 Bd7 5. d3 a6 6. Ba4 Be7 7. O-O h6 8. Nbd2
b5 9. Bc2 Bg4 10. b4 Nf6 11. Qe1 Nd7 12. a3 Nb6 13. Bb3 Rc8 14. d4 O-O 15. d5
Na7 16. h3 Bh5 17. Nh2 c5 18. Ndf3 Rc7 19. Be3 Nac8 20. bxc5 Nc4 21. c6 Nxe3
22. fxe3 Nb6 23. Nd2 Bg5 24. Nhf3 Be7 25. Rc1 f6 26. c4 bxc4 27. Nxc4 Nxc4 28.
Rxc4 f5 29. Ra4 fxe4 30. Nxe5 Rxf1+ 31. Qxf1 Bf6 32. Nd7 Rxd7 33. cxd7 Qxd7 34.
Rxa6 Be5 35. Ra8+ Kh7 36. Ba4 Qe7 37. Bc6 Qg5 38. Qe1 Bg3 39. Qd2 Qe5 40. Qc1
Qf6 41. Bb5 Qf2+ 42. Kh1 Bf3 43. Bf1 Be5 44. Rf8 Qg3 45. Rf4 Qxh3+ 46. Kg1 Qg3
47. a4 Kg6 48. a5 Kh5 49. Qc8 Bxf4 50. exf4 Bg4 51. Qe8+ g6 52. Qxe4 Bf5 53.
Qd4 1-0

[Event "Championnat vétéran des B d RH 2019 (-22"]
[Site "AUBAGNE "]
[Date "2019.05.02"]
[Round "2.14"]
[White "Roux, Jean-Marie"]
[Black "Hunault, Francis"]
[Result "1-0"]
[WhiteElo "1237"]
[BlackElo "1452"]
[PlyCount "27"]
[EventDate "2019.??.??"]
[WhiteTeam "L'Echiquier du Roy René"]
[BlackTeam "Cercle d'Echecs Aubagnais"]

1. e4 e5 2. Nf3 d6 3. Nc3 Nf6 4. Bc4 Be7 5. d3 c6 6. Bg5 O-O 7. Qd2 b5 8. Bb3
h6 9. Bxh6 gxh6 10. Qxh6 Nh7 11. Qg6+ Kh8 12. Bxf7 Qd7 13. Bb3 Rf6 14. Qg8# 1-0

[Event "Championnat vétéran des B d RH 2019 (-22"]
[Site "AUBAGNE "]
[Date "2019.05.02"]
[Round "2.15"]
[White "Cocordano, Claire"]
[Black "Autouard, Jean-Luc"]
[Result "0-1"]
[WhiteElo "1442"]
[BlackElo "1225"]
[PlyCount "76"]
[EventDate "2019.??.??"]
[WhiteTeam "Cercle d'Echecs Aubagnais"]
[BlackTeam "Cercle d'Echecs Aubagnais"]

1. e4 d6 2. d4 Nf6 3. Nc3 Nc6 4. Nf3 e6 5. d5 Ne7 6. Bg5 Ng6 7. Bb5+ Bd7 8.
Bxd7+ Qxd7 9. Bxf6 gxf6 10. O-O e5 11. Ne2 Bh6 12. Ng3 Nf4 13. Nf5 Bf8 14. N3h4
Rg8 15. Ng3 Qb5 16. b3 O-O-O 17. c4 Qd7 18. Nhf5 Be7 19. a4 Rg6 20. Kh1 Rdg8
21. Rg1 Bd8 22. b4 Qe8 23. c5 dxc5 24. bxc5 Qf8 25. d6 c6 26. d7+ Kb8 27. Qd6+
Qxd6 28. cxd6 Rh8 29. Ne7 Rg5 30. Rab1 h5 31. Nxc6+ Ka8 32. Ne7 h4 33. Nef5 Ne2
34. Rge1 Nf4 35. Rbc1 a5 36. Ne3 Nd3 37. Rc8+ Ka7 38. Rg1 Nxf2# 0-1

[Event "Championnat vétéran des B d RH 2019 (-22"]
[Site "AUBAGNE "]
[Date "2019.05.02"]
[Round "2.16"]
[White "Catanese, Sauveur"]
[Black "Lassalle, Marc"]
[Result "0-1"]
[WhiteElo "1026"]
[BlackElo "1434"]
[PlyCount "82"]
[EventDate "2019.??.??"]
[WhiteTeam "Cercle d'Echecs Aubagnais"]
[BlackTeam "L'Echiquier du Roy René"]

1. d4 d5 2. Nf3 e6 3. e3 c6 4. b4 Bxb4+ 5. Bd2 Bd6 6. Be2 f5 7. O-O Nf6 8. Nc3
O-O 9. a4 Ne4 10. Be1 Rf6 11. Nxe4 fxe4 12. Nd2 Bxh2+ 13. Kh1 Rh6 14. f3 Bg3+
15. Kg1 Qh4 16. Bxg3 Qxg3 17. Qe1 Qh2+ 18. Kf2 Rg6 19. Rg1 e5 20. Nf1 Qh4+ 21.
Ng3 Rxg3 22. Kf1 exf3 23. Bxf3 b6 24. Ke2 Ba6+ 25. Kd1 e4 26. Rh1 Qg5 27. Rh4
Qxh4 28. Be2 Bxe2+ 29. Qxe2 Qg4 30. Qxg4 Rxg4 31. Ke1 Rxg2 32. Ra2 Nd7 33. Kf1
Rh2 34. Kg1 Re2 35. Kf1 Rxe3 36. Ra1 Rf8+ 37. Kg1 Re2 38. c3 Rff2 39. Rf1 Rg2+
40. Kh1 Rh2+ 41. Kg1 Reg2# 0-1

[Event "Championnat vétéran des B d RH 2019 (-22"]
[Site "AUBAGNE "]
[Date "2019.05.02"]
[Round "2.17"]
[White "Bartolini, Manuela"]
[Black "Marku, Demeter"]
[Result "0-1"]
[WhiteElo "1021"]
[BlackElo "1426"]
[PlyCount "74"]
[EventDate "2019.??.??"]
[WhiteTeam "Cercle d'Echecs Aubagnais"]
[BlackTeam "La Farlède Toulon Echecs"]

1. d4 d5 2. Bf4 Nc6 3. c3 e6 4. e3 Be7 5. Nf3 Nf6 6. Nbd2 O-O 7. Qb1 Nh5 8. Bg3
f5 9. h3 Nxg3 10. fxg3 Bf6 11. Be2 Qd6 12. Nf1 e5 13. Bb5 exd4 14. cxd4 Qb4+
15. N3d2 Qxb5 16. a3 Re8 17. Kf2 Nxd4 18. Ra2 Qe2+ 19. Kg1 Rxe3 20. Nxe3 Qxe3+
21. Kh2 Qxd2 22. Rg1 Nf3+ 23. Kh1 Nxg1 24. Kxg1 Bd4+ 25. Kh1 Bd7 26. b3 Qg5 27.
Qd3 c5 28. Kh2 Re8 29. Qf3 Bc6 30. h4 Qc1 31. g4 Qg1+ 32. Kg3 Be5+ 33. Qf4 Qe1+
34. Rf2 Bxf4+ 35. Kxf4 Qxf2+ 36. Kg5 Re5 37. gxf5 Qxf5# 0-1

[Event "Championnat vétéran des B d RH 2019 (-22"]
[Site "AUBAGNE "]
[Date "2019.05.02"]
[Round "2.18"]
[White "Souesme, Gerard"]
[Black "Periale, Francine"]
[Result "1-0"]
[WhiteElo "1361"]
[BlackElo "1027"]
[PlyCount "113"]
[EventDate "2019.??.??"]
[WhiteTeam "Echiquier Brignolais"]
[BlackTeam "Cercle d'Echecs Aubagnais"]

1. e4 c5 2. Nc3 Nc6 3. f4 g6 4. Nf3 d6 5. d3 e6 6. Be2 Bg7 7. O-O Nge7 8. Ng5
O-O 9. Qe1 Nd4 10. Bd1 d5 11. Nf3 Nec6 12. Ne2 dxe4 13. dxe4 e5 14. c3 Ne6 15.
f5 gxf5 16. exf5 e4 17. Nd2 Ne5 18. Bc2 Nd3 19. Bxd3 exd3 20. fxe6 fxe6 21.
Rxf8+ Qxf8 22. Ng3 Bd7 23. Nc4 Bb5 24. Ne5 Rd8 25. Nf3 Qd6 26. Bd2 Bc6 27. Qe3
Bxf3 28. Qxf3 Rf8 29. Qe3 a5 30. Re1 e5 31. Ne4 Qe6 32. Nxc5 Qf6 33. Nxd3 Re8
34. Qe4 Qe6 35. b3 b5 36. c4 bxc4 37. Qxc4 Qxc4 38. bxc4 Rd8 39. Bxa5 Rxd3 40.
Bb4 Rd4 41. Rc1 e4 42. a3 e3 43. Kf1 Rf4+ 44. Ke2 Bd4 45. Rf1 Rxf1 46. Kxf1 h5
47. a4 Kg7 48. Ke2 Kf6 49. Ba3 Ke5 50. Bc1 Ke4 51. a5 Bc3 52. a6 Bd4 53. g3 Ba7
54. Ba3 Kd4 55. c5 Bxc5 56. Bxc5+ Kxc5 57. a7 1-0

[Event "Championnat vétéran des B d RH 2019 (-22"]
[Site "AUBAGNE "]
[Date "2019.05.02"]
[Round "2.19"]
[White "Periale, Albert"]
[Black "Pietrac, Christian"]
[Result "0-1"]
[WhiteElo "1258"]
[BlackElo "1237"]
[PlyCount "133"]
[EventDate "2019.??.??"]
[WhiteTeam "Cercle d'Echecs Aubagnais"]
[BlackTeam "Club d'Echecs de Miramas"]

1. d4 e6 2. e4 Nc6 3. c4 Bb4+ 4. Nc3 Nf6 5. Bg5 h6 6. Bh4 g5 7. Bg3 Nxe4 8. Nf3
Nxc3 9. bxc3 Bxc3+ 10. Ke2 Bxa1 11. Qxa1 f6 12. Nd2 d6 13. Kd1 Qe7 14. Bd3 f5
15. d5 Ne5 16. Bxe5 dxe5 17. Qxe5 Qf8 18. dxe6 Rh7 19. Re1 Re7 20. Bxf5 Qg7 21.
Qe4 Qf6 22. Nb3 Kf8 23. Nd4 a5 24. a4 Ra6 25. c5 Ra7 26. Re3 c6 27. Rf3 Qg7 28.
Bg6+ Kg8 29. Nf5 Rxe6 30. Nxg7 Rxe4 31. Bxe4 Kxg7 32. Rb3 Ra8 33. f3 Be6 34.
Rxb7+ Kf6 35. Ke2 Ke5 36. Rb6 Bc4+ 37. Ke3 Bd5 38. Bxd5 Kxd5 39. Rb7 Re8+ 40.
Kd3 Kxc5 41. Rb3 Rd8+ 42. Ke4 Rd4+ 43. Kf5 Rxa4 44. Kg6 Rb4 45. Re3 a4 46. Kxh6
Kd5 47. Kxg5 Kd4 48. Re4+ Kc3 49. Rxb4 Kxb4 50. f4 a3 51. f5 a2 52. f6 a1=Q 53.
h4 Qe5+ 54. Kg6 Qg3+ 55. Kf7 Qxh4 56. Ke6 Qh6 57. Ke7 Qg5 58. Ke6 Qg6 59. Ke7
c5 60. f7 Qxf7+ 61. Kxf7 c4 62. g4 c3 63. g5 c2 64. g6 c1=Q 65. g7 Qc4+ 66. Kf8
Qf4+ 67. Kg8 0-1

[Event "Championnat vétéran des B d RH 2019 (-22"]
[Site "AUBAGNE "]
[Date "2019.05.02"]
[Round "2.20"]
[White "Masson, Wally"]
[Black "Innocenti, Georges"]
[Result "0-1"]
[WhiteElo "1178"]
[BlackElo "1399"]
[PlyCount "68"]
[EventDate "2019.??.??"]
[WhiteTeam "Cercle d'Echecs Aubagnais"]
[BlackTeam "Cercle d'Echecs Aubagnais"]

1. e4 e5 2. Nf3 Nc6 3. Bc4 h6 4. O-O d6 5. d4 Nf6 6. Nc3 exd4 7. Nxd4 Nxd4 8.
Qxd4 c5 9. Qd3 Ng4 10. f3 Ne5 11. Qd5 Nxc4 12. Qxc4 Be6 13. Qb5+ Qd7 14. Bf4
Qxb5 15. Nxb5 Ke7 16. Bxd6+ Ke8 17. Nc7+ Kd7 18. Be5 Rc8 19. Rad1+ Kc6 20. Nd5
f6 21. Bf4 Rd8 22. Nb4+ cxb4 23. Rxd8 Bc5+ 24. Kh1 Rxd8 25. e5 f5 26. b3 g5 27.
Bc1 Rd5 28. Re1 Bd4 29. f4 g4 30. g3 Ra5 31. Rd1 Rd5 32. a3 bxa3 33. Bxa3 Bc5
34. Rxd5 Bxd5# 0-1

[Event "Championnat vétéran des B d RH 2019 (-22"]
[Site "AUBAGNE "]
[Date "2019.05.02"]
[Round "2.21"]
[White "Lognos, Lina"]
[Black "Vicari-Vento, Salvatore"]
[Result "0-1"]
[WhiteElo "1141"]
[BlackElo "1347"]
[PlyCount "82"]
[EventDate "2019.??.??"]
[WhiteTeam "Cercle d'Echecs Aubagnais"]
[BlackTeam "Cercle d'Echecs Aubagnais"]

1. d4 d6 2. c4 Nf6 3. Nc3 g6 4. e4 Bg7 5. Nf3 O-O 6. Bd2 a6 7. a4 b6 8. Rb1 Bb7
9. Bd3 Nbd7 10. b4 e5 11. d5 c6 12. Qc1 cxd5 13. cxd5 Rb8 14. Bh6 Ne8 15. Bxg7
Nxg7 16. O-O Rc8 17. Qa3 Nf6 18. h3 Rc7 19. Rfc1 Ngh5 20. b5 a5 21. Rc2 Nf4 22.
Rbc1 Nxd3 23. Rd1 Nb4 24. Rcc1 Nh5 25. Ne2 Rxc1 26. Rxc1 Qe7 27. Qe3 Nf4 28.
Qxb6 Nxe2+ 29. Kf1 Nxc1 30. Qxa5 Nbd3 31. Qb6 Rc8 32. a5 Qc7 33. Qa7 Ra8 34. b6
Rxa7 35. bxc7 Bc8 36. g4 Rxa5 37. h4 Rc5 38. g5 Rxc7 39. Kg2 Rc2 40. Kg3 Rxf2
41. Ne1 Ne2# 0-1

[Event "Championnat vétéran des B d RH 2019 (-22"]
[Site "AUBAGNE "]
[Date "2019.05.02"]
[Round "2.22"]
[White "Gourdeau, Marie-Christine"]
[Black "Olive, Alain"]
[Result "1-0"]
[WhiteElo "1342"]
[BlackElo "1167"]
[PlyCount "86"]
[EventDate "2019.??.??"]
[WhiteTeam "L'Echiquier du Roy René"]
[BlackTeam "Echiquier Brignolais"]

1. e4 b6 2. d4 Bb7 3. Nc3 Nf6 4. e5 Ne4 5. Nge2 e6 6. Nxe4 Bxe4 7. Nc3 Bb7 8.
Be3 a6 9. Qd2 Bb4 10. O-O-O d5 11. a3 Bxc3 12. Qxc3 a5 13. f3 O-O 14. Bd3 f5
15. f4 c6 16. Rdg1 b5 17. Qe1 g6 18. g4 Rf7 19. gxf5 exf5 20. Be2 Rg7 21. Bf2
b4 22. a4 b3 23. c3 Qd7 24. Qd1 Ba6 25. Bxa6 Nxa6 26. Qxb3 Rb8 27. Qa2 Qc8 28.
Kc2 Rgb7 29. Rb1 Kh8 30. Rhe1 Qe6 31. Qa3 Rd8 32. Bh4 g5 33. Bxg5 Qg6 34. Rg1
Re8 35. Bf6+ Qxf6 36. exf6 Re2+ 37. Kd3 Re8 38. Rge1 Rg8 39. Re7 Nc7 40. Qa1
Rf8 41. f7 Kg7 42. Rg1+ Kf6 43. Qe1 Ne6 1-0

[Event "Championnat vétéran des B d RH 2019 (-22"]
[Site "AUBAGNE "]
[Date "2019.05.02"]
[Round "2.23"]
[White "Belaid, Myriam"]
[Black "Gaudfernau, Pierre"]
[Result "0-1"]
[WhiteElo "1040"]
[BlackElo "1241"]
[PlyCount "82"]
[EventDate "2019.??.??"]
[WhiteTeam "Club Provence Echecs"]
[BlackTeam "Echiquier Brignolais"]

1. d4 d5 2. e3 Nf6 3. Bd3 Be6 4. Nd2 g6 5. h3 Nc6 6. c3 Bh6 7. e4 dxe4 8. Nxe4
Bxc1 9. Qxc1 Qd5 10. f3 Bf5 11. Qe3 O-O-O 12. O-O-O Qxa2 13. Bb1 Qa1 14. Kd2
Qxb2+ 15. Ke1 Qxg2 16. Nc5 Qxh1 17. Bxf5+ e6 18. Bd3 Nd5 19. Qc1 Qxg1+ 20. Bf1
Qg3+ 21. Kd2 Qf4+ 22. Kc2 Qxc1+ 23. Rxc1 Ne3+ 24. Kd3 Nxf1 25. Rxf1 Ne5+ 26.
Ke4 Nc4 27. Rd1 Nd6+ 28. Ke3 Nc4+ 29. Kf4 e5+ 30. Kg3 Rd5 31. Ne4 Rhd8 32. Rb1
exd4 33. Nf6 Rg5+ 34. Kh4 h6 35. cxd4 Rxd4+ 36. Ng4 f5 37. f4 Rxf4 38. Rc1 Ne3
39. Re1 Nxg4 40. Re8+ Kd7 41. Ra8 Nf2# 0-1